000 00321nam a22001337a 4500
008 181018b xxu||||| |||| 00| 0 eng d
020 _a0716702924
041 _aeng
080 _a159.9
100 _a49
101 _aPSI
245 _aThe Psychology of Individual and Group Differences
_cWillerman, L
942 _2udc
_cBK
999 _c50166
_d50166